نز ر ذ ا کر (Record no. 172820)

MARC details
000 -LEADER
fixed length control field 00553nam a22001937a 4500
005 - DATE AND TIME OF LATEST TRANSACTION
control field 20200213124226.0
010 ## - LCCN (DPL NO)
LC control number 498983
020 ## - INTERNATIONAL STANDARD BOOK NUMBER
Terms of availability 40.00
International Standard Book Number -
035 ## - SYSTEM CONTROL NUMBER
System control number 498983
037 ## - SOURCE OF ACQUISITION
Source of stock number/acquisition BPPD
082 ## - DEWEY DECIMAL CLASSIFICATION NUMBER
Classification number 921
100 ## - MAIN ENTRY--PERSONAL NAME
Personal name ز ا کر حسين
245 ## - TITLE STATEMENT
Title نز ر ذ ا کر
Statement of responsibility, etc ز ا کر حسين
246 ## - VARYING FORM OF TITLE
Title proper/short title Nazr-e-Zakir
Remainder of title by Dr.Zakir Hussain
260 ## - PUBLICATION, DISTRIBUTION, ETC. (IMPRINT)
Place of publication, distribution, etc N.Delhi
Name of publisher, distributor, etc Maktaba Jamia Ltd.
Date of publication, distribution, etc 1968
270 ## - ADDRESS
Address Jamia Nagar Okhla,
City N.Delhi
Postal code 25
Telephone number -
Fax number -
Electronic mail address -
300 ## - PHYSICAL DESCRIPTION
Extent 1200 ص
Dimensions 21 Cm.(P.b)
942 ## - ADDED ENTRY ELEMENTS (KOHA)
Source of classification or shelving scheme Dewey Decimal Classification
Item type Urdu Bks
Classification part 921
Call number suffix ذ ا ک
Holdings
Withdrawn status Lost status Not for loan Collection code Home library Current library Date acquired Source of acquisition Cost, normal purchase price Full call number Barcode Copy number Cost, replacement price Koha item type
      Non-fiction Central Library Central Library 13/02/2020 BPPD/Ven. 40.00 921 ذ ا ک 498983 1 40.00 Urdu Bks

© Delhi Public Library
Hit Counter
free hit counter